Tierra de hombres /

Uloženo v:
Podrobná bibliografie
Hlavní autor: Saint-Exupéry, Antoine de (autor)
Další autoři: Paz, Eduardo J. (traducción) (traducción)
Médium: Kniha
Jazyk:španělština
Vydáno: Buenos Aires, Argentina : Troquel, 1972, c1957
Tagy: Přidat tag
Žádné tagy, Buďte první, kdo vytvoří štítek k tomuto záznamu!

MARC

LEADER 00000nam^a2200000^a^4500
001 000595731
005 20250521000000.0
009 20260310133053.572
037 |a Acervo ITESO - Biblioteca 
041 |a ESP 
091 |a FCR. 02054 
100 |a Saint-Exupéry, Antoine de  |e (autor) 
245 1 0 |a Tierra de hombres / 
264 4 |a Buenos Aires, Argentina :  |b Troquel,  |c 1972, c1957 
300 |a 158 p. 
336 |a texto  |b txt  |2 rdacontenido 
337 |a sin mediación  |b n  |2 rdamedio 
338 |a volumen  |b nc  |2 rdasoporte 
649 |a XX 
700 |a Paz, Eduardo J.  |e (traducción) 
910 |a Fondo Cristina Romo Gil 
920 |a Impresos - Libros 
930 |a Fondos Especiales 
940 |a Literatura 
905 |a 143 
901 |a 595731-10  |b IT2  |c ESP  |i D122472  |u 20250521 
902 |a https://opac.biblio.iteso.mx/vufind/Record/000595731